01004nam a2200229Ia 4500003000900000008004100009020001400050040001600064080001500080110002600095111009900121245021100220260004500431300002300476650004100499650002600540650001400566710008100580942000700661999001500668952009100683IN-BaIIA211028s9999 xx 000 0 eng d a0379-6566 cIIA Library a523.9bESA aEuropean Space Agency aEuropean Meeting on Solar Physics on Solar Physicsn4thcNoordwijkerhoutd1984 Oct. 1-3913911 4aThe hydromagnetics of the sunbproceedings of the fourth European Meeting on Solar Physics, Noordwijkerhout, the Netherlands, 1-3 October 1984 cEuropean Space Agency  aMario-NikisbEuropean Space Agencyc1984 a[various pagings.] aAstronomy and Astrophysics thesaurus aHydromagnetics913912 aSun91200 aSolar Physics Section of the European Physical Society, Observatory 913913 cBK c8292d8292 00104070aBANbBANcGENd1985-06-11l0o523.9/ ESAp9136r2021-11-05w1985-06-11yBK